Thiết kế kết cấu kiến trúc với Revit Structure và Architecture 20XX : CAD trong kiến trúc xây dựng
Nội dung sách giới thiệu về thiết lập dự án, dàn dựng mô hình và hoàn chỉnh kết cấu về cơ bản. Hiệu chỉnh chi tiết và tạo thành phần trong cửa sổ biên tập. Liên kết dự án và chia sẻ toạ độ. Cuối cùng là phần hướng dẫn sử dụng...
Spremljeno u:
| Glavni autor: | |
|---|---|
| Format: | Knjiga |
| Jezik: | Undetermined |
| Izdano: |
Hà Nội
Hồng Đức
2010
|
| Teme: | |
| Oznake: |
Dodaj oznaku
Bez oznaka, Budi prvi tko označuje ovaj zapis!
|
| Thư viện lưu trữ: | Trung tâm Học liệu Trường Đại học Cần Thơ |
|---|
| LEADER | 01243nam a2200217Ia 4500 | ||
|---|---|---|---|
| 001 | CTU_213426 | ||
| 008 | 210402s9999 xx 000 0 und d | ||
| 082 | |a 690.0258 | ||
| 082 | |b Ng528 | ||
| 100 | |a Phùng, Thị Nguyệt | ||
| 245 | 0 | |a Thiết kế kết cấu kiến trúc với Revit Structure và Architecture 20XX : | |
| 245 | 0 | |b CAD trong kiến trúc xây dựng | |
| 245 | 0 | |c Phùng Thị Nguyệt, Phạm Quang Hiển, Ngọc Trâm | |
| 260 | |a Hà Nội | ||
| 260 | |b Hồng Đức | ||
| 260 | |c 2010 | ||
| 520 | |a Nội dung sách giới thiệu về thiết lập dự án, dàn dựng mô hình và hoàn chỉnh kết cấu về cơ bản. Hiệu chỉnh chi tiết và tạo thành phần trong cửa sổ biên tập. Liên kết dự án và chia sẻ toạ độ. Cuối cùng là phần hướng dẫn sử dụng Revit Architecture 2010. | ||
| 650 | |a Computer graphics,Buildings,Đồ họa máy tính,Xây dựng | ||
| 650 | |x Computer programs,Computer graphics,Chương trình máy tính,Đồ họa máy tính | ||
| 904 | |i Qhieu | ||
| 980 | |a Trung tâm Học liệu Trường Đại học Cần Thơ | ||